000 00491nam a2200169Ia 4500
008 230917s9999||||xx |||||||||||||| ||und||
020 _cRS 679.00
040 _e5003303
_aMAIN
041 _aEnglish
082 _a005.133 G622D
100 _aGoodrich, Michael T
245 0 _aData structures and algorithms in Python: An Indian adaptation
260 _aNew Delhi
_bWiley India
_c2021
300 _axxiii, 782 p.
500 _a4508 27/01/2022 HBD22/9300 04/03/2022 Main Budget
942 _cBK
999 _c5290
_d5290